Đời mưa gió

Đã lưu trong:
书目详细资料
格式: 图书
语言:Vietnamese
出版: Đại học và Trung học Chuyên nghiệp 1991
主题:
标签: 添加标签
没有标签, 成为第一个标记此记录!
Thư viện lưu trữ: Mạng thư viện Đại học Đà Nẵng
LEADER 00990nam a2200301 a 4500
001 000003765
003 04175
005 20171229145311.0
008 171229s1991 vie
040 |a LSK 
041 0 |a VIE 
082 0 |a 895.922332  |b KH-H 
245 0 0 |a Đời mưa gió  |c Khái Hưng, Nhất Linh 
260 |b Đại học và Trung học Chuyên nghiệp  |c 1991 
300 |a 173 pages  |c 19 cm. 
653 |a Văn học - Việt Nam - Tiểu thuyết 
852 |a Phòng Đọc 
901 |a 2 
927 |a Sách tham khảo 
OWN |a LSK 
AVA |a UDN50  |b LSK  |d 895.922332 KH-H  |e available  |t Error 5001 Not defined in file expand_doc_bib_avail.  |f 2  |g 0  |h N  |i 0  |k 1 
999 |a From the UDN01 
AVA |a UDN50  |b LSK  |d 895.922332 KH-H  |e available  |t Error 5001 Not defined in file expand_doc_bib_avail.  |f 2  |g 0  |h N  |i 0  |k 1 
TYP |a Monograph 
TYP |a Printed language 
980 |a Mạng thư viện Đại học Đà Nẵng